00313nam a2200121Ia 4500008004100000041000800041082001700049100002000066245004500086260003800131300001300169365000900182240624s9999 xx 000 0 und d aeng a658.4093 VAN aVANDERKAM LAURA a168 HOURS YOU HAVE MORE TIME THAN YOU TH c2011aNew YorkbPortfolio Penguin a272 : p. cb30